000 00758nam a2200241Ia 4500
001 18222
003 GE_BSU
008 181216s||||||||xx |||||||||||||| ||und||
020 _a978178133112501499
040 _cGE_BSU
080 _a338.48:640
100 _aOr, Monica
245 _aStar Quality Hospitality - The Key to a Successful Hospitality Business
260 _aGreat Britain
260 _bRETHINK PRESS
260 _c2014
300 _a147p;20cm.
541 _h77gel.
653 _aStar Quality Hospitality - The Key to a Successful Hospitality Business
653 _aგასაღები წარმატებული სასტუმროების ბიზნესის
653 _aტურიზმი
942 _cBK
999 _c51260
_d51260